书目信息 |
| 题名: |
纪录片概论
|
|
| 作者: | 欧阳宏生 主编 | |
| 分册: | ||
| 出版信息: | 成都 四川大学出版社 2004.06 |
|
| 页数: | 460页 | |
| 开本: | 21cm | |
| 丛书名: | 21世纪广播电视系列丛书 | |
| 单 册: | ||
| 中图分类: | J952 | |
| 科图分类: | ||
| 主题词: | 纪录片--ji lu pian--创作方法 | |
| 电子资源: | ||
| ISBN: | 7-5614-2825-1 | |
| 000 | 01034nam 2200253 450 | |
| 001 | 012007500204 | |
| 005 | 20071205103551.10 | |
| 010 | @a7-5614-2825-1@dCNY25.00 | |
| 100 | @a20071204d2004 km y0chi0120 ea | |
| 101 | 0 | @achi |
| 102 | @aCN@b510000 | |
| 105 | @ay z 000yy | |
| 106 | @ar | |
| 200 | 1 | @a纪录片概论@Aji lu pian gai lun@f欧阳宏生主编@Fou yang hong sheng zhu bian |
| 210 | @a成都@c四川大学出版社@d2004.06 | |
| 215 | @a460页@d21cm | |
| 225 | 2 | @a21世纪广播电视系列丛书@A21 shi ji guang bo dian shi xi lie cong shu |
| 330 | @a本书考察了电视记录片在中国发展的历史、现状和未来趋势,阐释了电视纪录片的基本属性、主要类型、审美特征,分析了纪录片与社会的关系、纪录片创作的主要流派,并在此基础上针对诸多有争议和尚未解决的重要问题进行了探索,提出了纪录片的创新理念,探讨了有效的经营运作方式。 | |
| 410 | 0 | @12001 @a21世纪广播电视系列丛书 |
| 606 | 0 | @a纪录片@Aji lu pian@x创作方法 |
| 690 | @aJ952@v4 | |
| 701 | 0 | @a欧阳宏生@Aou yang hong sheng@4主编 |
| 801 | 0 | @aCN@bQSSK@c20071205 |
| 905 | @b270754-56@dJ952@eO456@f3 | |
| 纪录片概论/欧阳宏生主编.-成都:四川大学出版社,2004.06 |
| 460页;21cm.-(21世纪广播电视系列丛书) |
| ISBN 7-5614-2825-1:CNY25.00 |
| 本书考察了电视记录片在中国发展的历史、现状和未来趋势,阐释了电视纪录片的基本属性、主要类型、审美特征,分析了纪录片与社会的关系、纪录片创作的主要流派,并在此基础上针对诸多有争议和尚未解决的重要问题进行了探索,提出了纪录片的创新理念,探讨了有效的经营运作方式。 |
| ● |
| 相关链接 |
|
|
|
正题名:纪录片概论
索取号:J952/O456
 
预约/预借
| 序号 | 登录号 | 条形码 | 馆藏地/架位号 | 状态 | 备注 |
| 1 | 270754 | 202707543 | 社科库309/309社科库 98排3列3层/ [索取号:J952/O456] | 在馆 | |
| 2 | 270755 | 202707552 | 社科库309/309社科库 98排3列3层/ [索取号:J952/O456] | 在馆 | |
| 3 | 270756 | 202707561 | 艺术设计学院资料室/ [索取号:J952/O456] | 在馆 |